Un acercamiento a la realidad en Dubai /

Detalles Bibliográficos
Otros Autores: Espeleta Díaz, Jimena del Pilar (Editor)
Formato: Electrónico eBook
Lenguaje:español
Publicado: Bogotá, Colombia : Universidad Piloto de Colombia, 2024.
Edición:Primera edición.
Materias:
Acceso en línea:Digitalia Hispánica

MARC

LEADER 00000nam a2200000Ii 4500
001 DIGUPILOTCK117
003 NyNyDIG
006 m o d
007 cr |||||||||||
008 250416s2024 ck a ob 000 0 spa d
035 |a (OCoLC)1499640407 
040 |a DGITA  |b eng  |e rda  |e pn  |c DGITA 
020 |a 9786287704275  |q eBook 
020 |a 9786287704268  |q eBook 
043 |a a-ts--- 
050 1 4 |a HT169.U52 ebook 
245 0 3 |a Un acercamiento a la realidad en Dubai /  |c compilado, Jimena Del Pilar Espeleta Díaz. 
250 |a Primera edición. 
264 1 |a Bogotá, Colombia :  |b Universidad Piloto de Colombia,  |c 2024. 
300 |a 1 online resource :  |b illustrations. 
336 |a text  |b txt  |2 rdacontent 
337 |a computer  |b c  |2 rdamedia 
338 |a online resource  |b cr  |2 rdacarrier 
347 |a text file  |2 rdaft 
347 |b PDF 
504 |a Includes bibliographical references. 
588 0 |a Online resource; title from PDF title page (Digitalia, viewed April 16, 2025) 
650 0 |a City planning  |z United Arab Emirates  |z Dubai. 
700 1 |a Espeleta Díaz, Jimena del Pilar,  |e editor. 
791 2 |a Digitalia (Firm),  |e distributor. 
793 0 |g Digitalia eBook Collection:  |a Universidad Piloto de Colombia 
856 4 0 |3 Digitalia Hispánica  |u https://www.digitaliapublishing.com/a/171530/ 
910 |a Premium collection: 2025